El Canal de Panama y su legado arquitectonico (1905-1920) (Record no. 624)

MARC details
000 -LEADER
campo de control de longitud fija 00624nam a22001457a 4500
008 - DATOS DE LONGITUD FIJA--INFORMACIÓN GENERAL
campo de control de longitud fija 150522b xxu||||| |||| 00| 0 eng d
020 ## - NÚMERO INTERNACIONAL ESTÁNDAR DEL LIBRO
Número Internacional Estándar del Libro 9789962898535
082 ## - NÚMERO DE LA CLASIFICACIÓN DECIMAL DEWEY
Número de clasificación 720.728.7
Número de ítem M 478c
100 ## - ENTRADA PRINCIPAL--NOMBRE DE PERSONA
Nombre de persona McMichael Reese, Carol
9 (RLIN) 2795
245 ## - MENCIÓN DEL TÍTULO
Título El Canal de Panama y su legado arquitectonico (1905-1920)
Resto del título The Panama Canal and its architectural legacy (1905-1920)
260 ## - PUBLICACIÓN, DISTRIBUCIÓN, ETC.
Lugar de publicación, distribución, etc. Colombia
Nombre del editor, distribuidor, etc. Printer Colombiana S.A.
Fecha de publicación, distribución, etc. 2013
300 ## - DESCRIPCIÓN FÍSICA
Extensión 225
Otras características físicas ill. (col)
Dimensiones 18x25 cm
650 ## - PUNTO DE ACCESO ADICIONAL DE MATERIA--TÉRMINO DE MATERIA
Subdivisión general Arquitectura-Panama-zona de canal
-- Canal-zona-estructuras-edificios
-- Edificios historicos-Panama-zona de canal
9 (RLIN) 2796
700 ## - ENTRADA AGREGADA--NOMBRE PERSONAL
Nombre de persona McMichael Reese, Carol
9 (RLIN) 2797
Holdings
Estatus retirado Estado de pérdida Fuente del sistema de clasificación o colocación Estado de daño No para préstamo Biblioteca de origen Biblioteca actual Ubicación en estantería Fecha de adquisición Total de préstamos Signatura topográfica completa Código de barras Visto por última vez Precio de reemplazo Tipo de ítem Koha
    Clasificación Decimal Dewey     Biblioteca LadoV Biblioteca LadoV   22/05/2015   720.728.7 M 478c 004041 22/05/2015 22/05/2015 Material 01